|
|
|
|
| LEADER |
00000nam2a2200000 4500 |
| 001 |
155837 |
| 005 |
20231101221850.0 |
| 010 |
|
|
|a 9785811409198
|
| 035 |
|
|
|a (RuTPU)RU\TPU\book\169020
|
| 090 |
|
|
|a 155837
|
| 100 |
|
|
|a 20090319d2009 m y0rusy50 ca
|
| 101 |
0 |
|
|a rus
|
| 102 |
|
|
|a RU
|
| 105 |
|
|
|a a j 001zy
|
| 200 |
0 |
|
|a Ч. 1: Кинетика, статика, динамика материальной точки
|
| 205 |
|
|
|a 10-е изд., стер.
|
| 210 |
|
|
|d 2009
|
| 215 |
|
|
|a 480 с.
|c ил.
|
| 320 |
|
|
|a Библиогр.: с. 461.
|
| 320 |
|
|
|a Предметный указатель: с. 462-467.
|
| 330 |
|
|
|a «Основной курс теоретической механики» Н. Н. Бухгольца построен на материале лекций, читавшихся автором в течение многих лет в Московском государственном университете. Неоднократно переиздававшийся, курс зарекомендовал себя как хороший учебник для студентов, а также для инженеров, желающих пополнить и углубить свои знания в области механики. Несмотря на сравнительно небольшой объем книги, весь материал в ней изложен с достаточной полнотой и иллюстрируется целым рядом задач и примеров. Курс разбит на две части. В первой части изложена кинематика материальной точки, механической системы и абсолютно твердого тела; геометрическая и аналитическая статика; динамика материальной точки.
|
| 461 |
|
1 |
|0 (RuTPU)RU\TPU\book\192800
|y 978-5-8114-0926-6
|t Основной курс теоретической механики
|o учебное пособие
|f Н. Н. Бухгольц
|v Ч. 1: Кинетика, статика, динамика материальной точки
|d 2009
|s Учебники для вузов. Специальная литература
|
| 606 |
1 |
|
|a Механика теоретическая
|2 stltpush
|3 (RuTPU)RU\TPU\subj\59441
|9 76991
|
| 610 |
1 |
|
|a учебные пособия
|
| 610 |
1 |
|
|a кинематика
|
| 610 |
1 |
|
|a материальная точка
|
| 610 |
1 |
|
|a твердые тела
|
| 610 |
1 |
|
|a механические системы
|
| 610 |
1 |
|
|a статика
|
| 610 |
1 |
|
|a геометрическая статика
|
| 610 |
1 |
|
|a аналитическая статика
|
| 610 |
1 |
|
|a динамика
|
| 610 |
1 |
|
|a математика
|
| 610 |
1 |
|
|a физика
|
| 675 |
|
|
|a 531(075.8)
|v 3
|
| 801 |
|
1 |
|a RU
|b 63413507
|c 20090319
|g PSBO
|
| 801 |
|
2 |
|a RU
|b 63413507
|c 20150515
|g RCR
|
| 900 |
|
|
|a Теоретическая механика
|
| 942 |
|
|
|c BK
|
| 959 |
|
|
|a 37/20090319
|d 2
|e 0
|f АНЛ:1
|f ЧЗТЛ:1
|
| 959 |
|
|
|a 48/20100812
|d 5
|e 440,66
|f Ф_ТПУ_Новокузнецк:5
|